Normal view
MARC view
- ISLAMIC HISTORY,VOL-1 . GENERAL HISTORY,VOL-2. HISTORY FROM 1ST CENTUARY TO 18TH CENTUARY. FRENCH REVOLUTION, VOL-2. NAPOLIAN PERIOD, VOL-2 FROM NEPOLIAN PERIOD TO 1965,VOL-3
Entry Topical Term
001 - CONTROL NUMBER
- control field: 65600
003 - CONTROL NUMBER IDENTIFIER
- control field: NUST
005 - DATE AND TIME OF LATEST TRANSACTION
- control field: 20210628203446.0
008 - FIXED-LENGTH DATA ELEMENTS
- fixed length control field: 210628|| aca||aabn | a|a d
040 ## - CATALOGING SOURCE
- Original cataloging agency: NUST
- Transcribing agency: NUST
150 ## - HEADING--TOPICAL TERM
- Topical term or geographic name entry element: ISLAMIC HISTORY,VOL-1 . GENERAL HISTORY,VOL-2. HISTORY FROM 1ST CENTUARY TO 18TH CENTUARY. FRENCH REVOLUTION, VOL-2. NAPOLIAN PERIOD, VOL-2 FROM NEPOLIAN PERIOD TO 1965,VOL-3
670 ## - SOURCE DATA FOUND
- Source citation: Work cat.: (NUST): Ghulam Rasool Mehr, Moulana, Langer, William.L 65599, Encyclopedia tareekh -e-alam, urdu translation of an encyclopedia of world history, 1985
